000 01476cam a2200313 a 4500
999 _c328556
_d328556
001 15200032
003 Nust
005 20170412100520.0
008 080229s2008 nyu 000 1 eng
010 _a 2008008780
020 _a9780751540550
035 _a(OCoLC)ocn179826553
040 _aDLC
_cDLC
_dYDX
_dBTCTA
_dBAKER
_dYDXCP
_dOCO
_dUPZ
_dABG
_dCQU
_dDLC
050 0 0 _aPR6123.I5527
_bB34 2008
082 0 0 _a823.92
_bWIL
100 1 _aWilliams, Polly,
_d1971-
245 1 2 _aA bad bride's tale /
_cPolly Williams.
250 _a1st ed.
260 _aNew York :
_bHyperion,
_c2008.
300 _a341 p. ;
_c25 cm.
520 _aWhat happens when you meet the wrong man at the right time? Two weeks before her wedding, Stevie Jonson, a successful graphic designer in her mid-thirties, has got serious jitters. Is she finally growing up, or compromising horribly? In love or in denial?
650 0 _aMarriage
_vFiction.
655 0 _aChick lit.
655 7 _aLove stories.
_2gsafd
856 4 2 _3Publisher description
_uhttp://www.loc.gov/catdir/enhancements/fy1204/2008008780-d.html
856 4 2 _3Contributor biographical information
_uhttp://www.loc.gov/catdir/enhancements/fy1309/2008008780-b.html
906 _a7
_bcbc
_corignew
_d1
_eecip
_f20
_gy-gencatlg
942 _2ddc
_cBK